|
|
|
|
| LEADER |
00769pam a22002298a 4500 |
| 001 |
00028078 |
| 005 |
20171026081023.0 |
| 008 |
120104s1996 ||||||Viesd |
| 041 |
0 |
# |
|a Vie
|
| 082 |
1 |
# |
|a 895.922 3
|b TR103H
|
| 100 |
1 |
# |
|a Nguyễn, Nhật Ánh
|
| 245 |
1 |
0 |
|a Trại hoa vàng
|b Truyện dài, 4 tập
|c Nguyễn Nhật Ánh
|n T.3
|
| 250 |
# |
# |
|a In lần thứ 3
|
| 260 |
# |
# |
|b Trẻ
|c 1996
|a Tp. Hồ Chí Minh
|
| 300 |
# |
# |
|a 103tr.
|c 17 cm.
|
| 650 |
# |
4 |
|a Văn học Việt Nam
|x Truyện dài
|
| 650 |
# |
4 |
|a Văn học hiện đại
|x Việt Nam
|
| 852 |
# |
# |
|b Kho đọc
|j KD.0012438
|
| 852 |
# |
# |
|j KD.0012438
|
| 910 |
|
|
|d 04/01/2012
|
| 980 |
# |
# |
|a Trung tâm Học liệu Lê Vũ Hùng, Trường Đại học Đồng Tháp
|